| 000 | 00756nam a2200217Ia 4500 | ||
|---|---|---|---|
| 001 | 21610 | ||
| 003 | GE_BSU | ||
| 008 | 181216s||||||||xx |||||||||||||| ||und|| | ||
| 040 | _cGE_BSU | ||
| 080 | _aპერიოდიკა | ||
| 245 | _aРеферативный журнал. Экономика промышленности. №9. 2017 | ||
| 245 | _b20.Экономика промышленности. | ||
| 245 | _cГл. ред. Ран П.А Минакир, и др. | ||
| 260 | _aМосква | ||
| 260 | _bВинити | ||
| 260 | _c2017 | ||
| 300 | _a16 стр. 30см. | ||
| 653 | _aРеферативный журнал. Экономика промышленности. №9. 2017 | ||
| 653 | _aპერიოდიკა | ||
| 942 | _cCR | ||
| 999 |
_c54545 _d54545 |
||